000 00650nam a2200193 i 4500
001 58025
003 ES-MaACL
005 20230906163717.0
007 t|
008 031020s1960 sp ||||1| spa d
100 1 _aDunham, Clarence W.
_946039
245 1 0 _aProyecte su casa para vivir mejor /
_cpor Clarence W. Dunham y Milton D. Thalberg ; traducción de Joaquín Gili y Antonio Munne.
260 _aBarcelona :
_bGustavo Gili,
_c1960.
300 _a300 p., 12 lám. :
_bil. ;
_c28 cm.
700 1 _aThalberg, Milton D.
_9109859
700 1 _aGili, Joaquín.
_956936
700 1 _aMunné, Antonio.
_9138114
852 _aES-MaACL
_jE-127
_bR.47764
999 _c58025
_d58025